000 00362nam a2200133Ia 4500
008 230907s9999||||xx |||||||||||||| ||und||
082 _a869.342
_bCOE
100 _aCoelho, Paulo.
_93636
245 4 _aThe winner stands alone /
260 _aHarperCollins Publishers,
_bNew York :
_c2010
300 _a343 p. ;
650 _aEnglish Literature
_9318
942 _cBK
999 _c599808
_d599808